[Event "36th Olympiad w"]
[Site "Calvia ESP"]
[Date "2004.10.16"]
[Round "1"]
[White "Nur Shazwani,Z"]
[Black "Aginian,N"]
[Result "1-0"]
[WhiteElo "2062"]
[BlackElo "2310"]

1.e4 e6 2.d4 d5 3.Nd2 Be7 4.e5 c5 5.c3 Nc6 6.Ndf3 cxd4 7.cxd4 Bd7 8.Bd3 Bb4+
9.Bd2 Qb6 10.Ne2 Bxd2+ 11.Qxd2 Nb4 12.Bb1 h6 13.O-O Ne7 14.Nc3 a5 15.a3 Na6
16.Bc2 Rc8 17.Rab1 Nb8 18.Rfc1 Qa7 19.b4 axb4 20.axb4 O-O 21.Bd3 Kh8 22.h3 Nbc6
23.Nb5 Qb6 24.Nd6 Ra8 25.Rc5 Ra3 26.Bf1 Na7 27.Qb2 Ra4 28.Ra5 Nec8 29.Rxa4 Bxa4
30.b5 Nxd6 31.exd6 Ra8 32.d7 Qa5 33.Ra1 Rd8 34.Qa3  1-0

[Event "Essent Open"]
[Site "Hoogeveen NED"]
[Date "2004.10.16"]
[Round "2"]
[White "Van Eijk,S"]
[Black "Porat,S"]
[Result "1/2-1/2"]
[WhiteElo "2203"]
[BlackElo "2421"]

1.e4 e6 2.d4 d5 3.Nd2 Be7 4.Bd3 c5 5.c3 Nc6 6.Ne2 cxd4 7.cxd4 dxe4 8.Nxe4 Nf6
9.O-O O-O 10.Be3 Ng4 11.N4c3 b6 12.Bf4 Bb7 13.d5 Nb4 14.h3 Nxd3 15.Qxd3 Nf6
16.d6 Re8 17.Rad1 Bf8 18.Bg5 Qd7 19.Bxf6 gxf6 20.Nf4 Kh8 21.Nh5 Qc6 22.Qg3 Bh6
23.d7 Rg8 24.d8=Q Raxd8 25.Rxd8 Rxd8 26.Nxf6 Bg7 27.Nce4 h6 28.Qf3 Qb5 29.Rd1 Rf8
30.b3 a5 31.Qe3 Qe5 32.f4 Qf5 33.Nd6 Qc2 34.Rd2 Qc1+ 35.Kh2 Bxf6 36.Nxb7 Bc3
37.Rd3 Qxe3 38.Rxe3 Bd2 39.Rf3 Bb4 40.Rd3 Kg7 41.Nd8 h5 42.Rd7 Kg6 43.g3 Bc3
44.Kg2 Bf6 45.Nc6 Rc8 46.Rd6 Kg7 47.Kf3 Bb2 48.Ne5 Bxe5 49.fxe5 Rc2 50.Rxb6 Rxa2
51.Rb5 Kg6 52.Ke4 Rf2 53.Ke3 Rh2 54.Rxa5 Rxh3 55.Kf4 Rh1 56.Ra7 Rf1+ 57.Ke4 Kg5
58.b4 Kg4 59.b5 Kxg3 60.Ra3+ Kg4 61.Rb3 h4 62.b6 Rf4+ 63.Kd3 Rf3+ 64.Kc4 Rxb3
65.Kxb3 h3 66.b7 h2 67.b8=Q h1=Q 68.Qg8+ Kf5 69.Qxf7+ Kxe5 70.Qg7+ Kd6 71.Qf8+ Kd7
72.Qf7+  1/2-1/2

[Event "36th Olympiad"]
[Site "Calvia ESP"]
[Date "2004.10.17"]
[Round "3"]
[White "Rozentalis,E"]
[Black "Vallejo Pons,F"]
[Result "0-1"]
[WhiteElo "2595"]
[BlackElo "2678"]

1.e4 e6 2.d4 d5 3.Nd2 Be7 4.Bd3 c5 5.dxc5 Nf6 6.Qe2 O-O 7.Ngf3 a5 8.e5 Nfd7
9.h4 h6 10.c3 Nxc5 11.Bc2 f5 12.exf6 Bxf6 13.Ne5 Bxe5 14.Qxe5 Nc6 15.Qg3 e5
16.Nb3 Nxb3 17.Bxb3 Rf6 18.a4 Be6 19.O-O Qb6 20.Bc2 Raf8 21.Bd3 Kh8 22.Bb5 Bf5
23.Bxc6 Rg6 24.Qxe5 Be4 25.g3 bxc6 26.Bf4 Rg4 27.Qc7 Qxb2 28.Bd6 Qxc3 29.Rae1 Rxf2
30.Qc8+ Kh7 31.Qxg4 Rg2+ 32.Kh1 Re2+  0-1

[Event "36th Olympiad"]
[Site "Calvia ESP"]
[Date "2004.10.18"]
[Round "4"]
[White "Berend,F"]
[Black "Ramirez,Al"]
[Result "1/2-1/2"]
[WhiteElo "2378"]
[BlackElo "2519"]

1.e4 e6 2.d4 d5 3.Nd2 Be7 4.Ngf3 Nf6 5.Bd3 c5 6.dxc5 dxe4 7.Nxe4 Nxe4 8.Bxe4 Qxd1+
9.Kxd1 Bxc5 10.Ke2 Nd7 11.Rd1 Ke7 12.a3 Nf6 13.Bd3 Bd7 14.Ne5 Ba4 15.Bd2 Nd5
16.Nf3 Rhd8 17.b3 Bc6 18.c4 Nf6 19.b4 Bxf3+ 20.gxf3 Bxf2 21.Bg5 Bd4 22.Ra2 h6
23.Bxf6+ Bxf6 24.Be4 Rxd1 25.Kxd1 Rd8+ 26.Rd2 Rxd2+ 27.Kxd2 b6 28.c5 bxc5
29.bxc5 Bd4 30.c6 Be5 31.h3 Kd6 32.Bh7 f5 33.Bg8 Ke7 34.Kd3 g5 35.a4 Bc7
36.Ke3 Bb6+ 37.Kd3 h5 38.Ke2 Kd6 39.Bf7 h4 40.Be8 Ke7 41.Bd7 Kf6 42.Bc8 Bc7
43.Ke3 Ke5 44.Bd7 a5 45.Bc8 Kd5 46.Ke2 Bb6 47.Bd7 f4 48.Kd3 e5 49.Bf5 Kxc6
50.Kc4 Kd6 51.Be4 Bd8 52.Bb7 Bb6 53.Be4 Bf2 54.Bf5 Be1 55.Be4 Ke6 56.Bb7 Kf6
57.Kd3 Bb4 58.Be4  1/2-1/2

[Event "36th Olympiad"]
[Site "Calvia ESP"]
[Date "2004.10.22"]
[Round "7"]
[White "Dukaczewski,P"]
[Black "Bibby,S"]
[Result "1/2-1/2"]
[WhiteElo "2366"]
[BlackElo "2229"]

1.e4 e6 2.d4 d5 3.Nd2 Be7 4.Ngf3 Nf6 5.e5 Nfd7 6.Bd3 c5 7.c3 Nc6 8.O-O a5
9.a4 Qb6 10.dxc5 Qc7 11.Re1 Ndxe5 12.Nxe5 Nxe5 13.Bb5+ Bd7 14.Qe2 Ng6 15.b4 O-O
16.Nb3 Bf6 17.Bb2 Nf4 18.Qc2 axb4 19.g3 bxc3 20.Bxc3 Bxc3 21.Qxc3 Ng6 22.f4 Ne7
23.Nd4 Nc6 24.Nf3 Rac8 25.Rab1 Rfd8 26.Rb2 Na5 27.Bxd7 Rxd7 28.Ne5 Nc4 29.Nxd7 Nxb2
30.Qxb2 Qxd7 31.Qd4 h6 32.Rb1 Qc7 33.Rb5 Qc6 34.Qb4 Rc7 35.Kf2 d4 36.Qb1 d3
37.Qxd3 Rd7 38.Qe2 Qh1 39.c6 bxc6 40.Rb8+ Kh7 41.Qc2+ f5 42.Rb2 Qxh2+ 43.Kf3 Qh1+
44.Ke3 Qe1+ 45.Kf3 g5 46.fxg5 Qf1+ 47.Qf2 Qh1+ 48.Qg2 Qh5+ 49.Kf2 hxg5 50.Qxc6 Qd1
51.Re2 Qd4+ 52.Kg2 Qd5+ 53.Qxd5 Rxd5 54.Rxe6 Ra5 55.g4 fxg4 56.Re4 Kg6  1/2-1/2

[Event "36th Olympiad"]
[Site "Calvia ESP"]
[Date "2004.10.22"]
[Round "7"]
[White "Neubauer,M"]
[Black "Reefat,S"]
[Result "1/2-1/2"]
[WhiteElo "2440"]
[BlackElo "2462"]

1.e4 e6 2.d4 d5 3.Nd2 Be7 4.Bd3 c5 5.dxc5 Nf6 6.Qe2 O-O 7.Ngf3 a5 8.O-O Nc6
9.c3 Nd7 10.exd5 exd5 11.Re1 Nxc5 12.Bb5 Bf6 13.Nb3 Nxb3 14.axb3 Be6 15.Be3 d4
16.Bxd4 Nxd4 17.Nxd4 Bxd4 18.cxd4 Bxb3 19.Bc4 Bxc4 20.Qxc4 Qb6 21.d5 Qxb2
22.Reb1 Qd2 23.Rxb7 Rfe8  1/2-1/2

[Event "XI Bela Papp Mem"]
[Site "Torokbalint HUN"]
[Date "2004.10.22"]
[Round "7"]
[White "Papp,Ga"]
[Black "Galyas,M"]
[Result "0-1"]
[WhiteElo "2467"]
[BlackElo "2438"]

1.e4 e6 2.d4 d5 3.Nd2 Be7 4.e5 c5 5.Qg4 Kf8 6.dxc5 Nc6 7.Ngf3 h5 8.Qf4 g5
9.Qe3 Nh6 10.h3 Nf5 11.Qe2 b6 12.cxb6 Qxb6 13.Nb3 a5 14.Be3 Qc7 15.c3 Nxe5
16.Nxe5 Qxe5 17.Bc5 Qxe2+ 18.Bxe2 a4 19.Bxe7+ Kxe7 20.Nc5 Kd6 21.Nd3 Ba6
22.Kd2 Ne7 23.h4 g4 24.Rhe1 Ng6 25.g3 Bxd3 26.Kxd3 Rhc8 27.Rad1 Rc7 28.Kc2 Ne5
29.a3 Rb7 30.Rd4 Nc6 31.Rd2 Rab8 32.Rb1 f5 33.Bf1 Kc5 34.Rd3 e5 35.Rd2 Na5
36.Kd1 Nb3 37.Rc2 Kd6 38.Bd3 Nc5 39.Bf1 e4 40.Rd2 Ke5 41.Ke1 Nb3 42.Rc2 d4
43.cxd4+ Nxd4 44.Rc5+ Kf6 45.Rd5 Nf3+ 46.Ke2 Ng1+ 47.Kd2 Rxb2+ 48.Rxb2 Rxb2+
49.Ke3 Rb3+ 50.Kd4 Nf3+ 51.Kc5 Rxa3 52.Rd6+ Ke7 53.Bc4 Rc3 54.Re6+ Kf8 55.Kd5 Nd2
56.Bb5 a3 57.Ra6 e3 58.Ra8+ Kf7 59.Ra7+ Kf6 60.Ra6+ Ke7 61.Re6+ Kf7 62.Rd6 Ne4
63.Rd7+ Kf6 64.fxe3 Rc5+  0-1

[Event "36th Olympiad"]
[Site "Calvia ESP"]
[Date "2004.10.23"]
[Round "8"]
[White "Mahjoob,M"]
[Black "Rocha,S"]
[Result "1-0"]
[WhiteElo "2455"]
[BlackElo "2431"]

1.e4 e6 2.d4 d5 3.Nd2 Be7 4.Ngf3 Nf6 5.e5 Nfd7 6.Bd3 c5 7.c3 Nc6 8.O-O Qb6
9.dxc5 Nxc5 10.Bc2 a5 11.a4 Bd7 12.Re1 f6 13.exf6 gxf6 14.Nd4 O-O-O 15.b4 axb4
16.a5 Nxa5 17.cxb4 Qxb4 18.Nf5 Bf8 19.Rb1 Qf4 20.Nb3 Qc7 21.Nxa5 Qxa5 22.Bf4 Ba4
23.Ra1 b5 24.Bxa4 bxa4 25.Nd4 Bd6 26.Nxe6 Bxf4 27.Nxc5 Qxc5 28.Qg4+ Rd7 29.Qxf4 Qd6
30.Qxa4 Rb7 31.Rec1+ Kd8 32.Qg4 Rf8 33.Qc8+  1-0

[Event "Essent Open"]
[Site "Hoogeveen NED"]
[Date "2004.10.23"]
[Round "9"]
[White "Van der Wiel,J"]
[Black "Grimm,Sa"]
[Result "1-0"]
[WhiteElo "2493"]
[BlackElo "2342"]

1.e4 e6 2.d4 d5 3.Nd2 Be7 4.c3 c5 5.dxc5 Nf6 6.exd5 Qxd5 7.Ngf3 Qxc5 8.Bd3 Nbd7
9.Nb3 Qc7 10.Qe2 Nc5 11.Nxc5 Bxc5 12.Bg5 Bd7 13.O-O Bd6 14.Rad1 O-O-O 15.Kh1 Bc6
16.Nd4 Be7 17.Nxc6 Qxc6 18.c4 h6 19.Bd2 Qc7 20.c5 Rd5 21.b4 Rhd8 22.Bc3 Qf4
23.Kg1 Qg4 24.f3 Qh4 25.g3 Qg5 26.Kh1 Nh5 27.Be4 R5d7 28.Rxd7 Rxd7 29.c6 bxc6
30.Bxc6 Rc7 31.f4  1-0

[Event "36th Olympiad"]
[Site "Calvia ESP"]
[Date "2004.10.24"]
[Round "9"]
[White "Zambrana,O"]
[Black "Rodriguez,And URU"]
[Result "1/2-1/2"]
[WhiteElo "2473"]
[BlackElo "2533"]

1.e4 e6 2.d4 d5 3.Nd2 Nc6 4.Ngf3 Nf6 5.e5 Nd7 6.Be2 Be7 7.Nf1 O-O 8.Ne3 f6
9.exf6 Nxf6 10.O-O Bd6 11.b3 Ne7 12.Bb2 Nf5 13.c4 Nxe3 14.fxe3 Ng4 15.Qd3 Rxf3
16.Rxf3 Bxh2+ 17.Kh1 Bg3 18.Rxg3 Nf2+ 19.Kg1 Nxd3 20.Bxd3 Qe7 21.Rf1 Bd7
22.Rgf3 Bc6 23.Rf4 a5 24.c5 b6 25.R4f3 Bb7 26.R1f2 Ba6 27.Bb1 Rb8 28.Ba3 b5
29.Bc1 e5 30.dxe5 Qxc5 31.Bb2 Re8 32.e6 Rxe6 33.Rf7 Rf6 34.Bxf6 Qc1+ 35.Kh2 gxf6
36.R2xf6 Qxb1 37.Rf8+ Kg7 38.R8f7+ Kg8 39.Rf8+  1/2-1/2

[Event "36th Olympiad"]
[Site "Calvia ESP"]
[Date "2004.10.24"]
[Round "9"]
[White "Tissir,M"]
[Black "Simonet,M"]
[Result "1-0"]
[WhiteElo "2394"]
[BlackElo "2300"]

1.e4 e6 2.d4 d5 3.Nd2 a6 4.Bd3 c5 5.dxc5 Bxc5 6.Ngf3 Nf6 7.Qe2 Nc6 8.O-O Nb4
9.Nb3 Be7 10.Bg5 dxe4 11.Bxe4 Nxe4 12.Bxe7 Qxe7 13.Qxe4 O-O 14.Rad1 Nc6 15.Rfe1 Bd7
16.Ne5 Rfd8 17.Nd4 Rac8 18.c3 Be8 19.Ndxc6 Bxc6 20.Rxd8+ Qxd8 21.Qe2 f6 22.Nxc6 Rxc6
23.Rd1 Rd6 24.Qxe6+ Rxe6 25.Rxd8+ Kf7 26.Kf1 Re7 27.Rd3 g5 28.Re3 Rd7 29.Ke2 h5
30.Rd3 Re7+ 31.Kd2 Kg6 32.Re3 Rd7+ 33.Kc2 g4 34.c4 h4 35.a3 f5 36.b4 Kf6
37.c5 f4 38.Rd3 Re7 39.Kd2 Ke5 40.Rd8 Rh7 41.Rg8 Kf5 42.Re8 h3 43.g3 Rd7+
44.Kc2 f3 45.Re3 Rc7 46.a4 a5 47.Kb3 axb4 48.Kxb4 Rd7 49.a5 Rd4+ 50.Kb3 Rd5
51.Rc3 Rd2 52.a6 bxa6 53.c6 Rd8 54.Rc4  1-0

[Event "36th Olympiad"]
[Site "Calvia ESP"]
[Date "2004.10.25"]
[Round "10"]
[White "Zambrana,O"]
[Black "Juarez Flores,C"]
[Result "0-1"]
[WhiteElo "2473"]
[BlackElo "2391"]

1.e4 e6 2.d4 d5 3.Nd2 Nc6 4.Ngf3 Nf6 5.e5 Nd7 6.Be2 f6 7.exf6 Qxf6 8.Nf1 Bd6
9.Ne3 O-O 10.O-O Ne7 11.c4 b6 12.b3 Bb7 13.h3 h5 14.Bb2 Ng6 15.cxd5 exd5
16.Nh2 Nf4 17.Bxh5 Ba6 18.Bg4 Rf7 19.Qc2 Bd3 20.Qd2 Bxf1 21.Rxf1 Qh6 22.Bc1 Raf8
23.Qd1 Qh7 24.Nf3 Qg6 25.Kh1 Nf6 26.Nh4 Qh7 27.g3 Nxg4 28.Qxg4 Nd3 29.f4 Qe4+
30.Neg2 Qxd4 31.Be3 Qf6 32.Ng6 Re8 33.Qh5 Rd7 34.f5 Bxg3 35.Qh8+ Kf7 36.Qh5 Kg8
37.Qh8+ Kf7 38.Qh5 Kg8 39.Rd1 Ne5 40.Bd4 c5 41.Qh8+ Kf7 42.Qh5 Kg8 43.Bxe5 Bxe5
44.Re1 Rdd8 45.Qh8+ Kf7 46.Qh5 Bg3 47.Ne7+ Kf8 48.Ng6+ Kg8 49.Rf1 Re4 50.Qh8+ Kf7
51.Qh5 Ke8 52.N6f4+ Ke7 53.Qg4 Bxf4 54.Nxf4 Kd6 55.Qg3 Kc6 56.Nh5 Qh6 57.Nxg7 Re3
58.Qg6+ Qxg6 59.fxg6 Rg8 60.Rf6+ Kb5 61.Nf5 Rxh3+ 62.Kg2 Rh5 63.Ne7 Re8 64.Nc6 Rg8
65.Kf3 Rg5 66.a4+ Ka6 67.Rf7 b5 68.a5 b4 69.Rxa7+ Kb5 70.Ne7 R8xg6 71.Nxg6 Rxg6
72.Rd7 d4 73.Ke4 Rg5 74.Ra7 Rg3 75.a6 Rxb3 76.Rc7 Kc4  0-1

[Event "36th Olympiad"]
[Site "Calvia ESP"]
[Date "2004.10.26"]
[Round "11"]
[White "Parligras,M"]
[Black "Rocha,S"]
[Result "1-0"]
[WhiteElo "2559"]
[BlackElo "2431"]

1.e4 e6 2.d4 d5 3.Nd2 Be7 4.Bd3 c5 5.dxc5 Nd7 6.b4 a5 7.a3 axb4 8.Bb2 bxa3
9.Bxg7 Bf6 10.Bxh8 Bxh8 11.Ra2 Nxc5 12.Ngf3 dxe4 13.Nxe4 Nxd3+ 14.Qxd3 Qxd3
15.cxd3 Bb2 16.Kd2 Ke7 17.Nc3 b5 18.Nd4 Bb7 19.Ndxb5 Bxg2 20.Rg1 Bc6 21.Nxa3 Bxa3
22.Rga1 Ra5 23.Rxa3 Rh5 24.Ra7+ Kf6 25.Rc7 Bg2 26.Ra4 Nh6 27.h4 Nf5 28.Rcc4 Bb7
29.Ne2 Nh6 30.Ng3 Re5 31.d4 Rd5 32.Ne4+ Kg7 33.Rc7 Rb5 34.Nd6  1-0

[Event "19th Open"]
[Site "Le Touquet FRA"]
[Date "2004.10.26"]
[Round "3"]
[White "Burg,T"]
[Black "Gervasio,R"]
[Result "0-1"]
[WhiteElo "2071"]
[BlackElo "2280"]

1.e4 e6 2.d4 d5 3.Nd2 Nc6 4.Ngf3 Nf6 5.e5 Nd7 6.c3 f6 7.exf6 Nxf6 8.Bd3 Bd6
9.O-O O-O 10.Re1 Qe8 11.Ne5 Bxe5 12.dxe5 Nd7 13.Nf3 Qh5 14.Qe2 h6 15.c4 Rxf3
16.Qxf3 Qxf3 17.gxf3 Ndxe5 18.Be2 Nd4 19.Bf4 Nexf3+ 20.Bxf3 Nxf3+ 21.Kf1 Nxe1
22.Rxe1 dxc4 23.Bxc7 Bd7 24.Rd1 Bb5 25.Ke1 Rc8 26.Rd8+ Rxd8 27.Bxd8 Kf7 28.Kd2 e5
29.Ke3 Ke6 30.Ba5 Kf5 31.a3 Bc6 32.Bc3 g5 33.Bb4 h5 34.Bc3 b6 35.Bb4 a5 36.Bc3 a4
37.Bb4 b5 38.Bd6 e4 39.Ke2 Kg4 40.Kf1 Kf3 41.Bc5 Bb7 42.Be3 g4 43.Bc5 Ba6
44.Ke1 Kg2 45.Bd6 h4 46.Be7 h3 47.Bd6 b4 48.Bg3 c3 49.bxc3 bxa3 50.c4 Bxc4
51.Kd2 a2 52.Be5 Kxf2 53.Bd4+ Kg2 54.Be5 g3 55.hxg3 h2  0-1

[Event "19th Open"]
[Site "Le Touquet FRA"]
[Date "2004.10.27"]
[Round "4"]
[White "Cioara,A"]
[Black "Sprotte,N"]
[Result "1/2-1/2"]
[WhiteElo "2387"]
[BlackElo "2244"]

1.e4 e6 2.d4 d5 3.Nd2 Be7 4.e5 Nh6 5.Bd3 c5 6.Ngf3 Nf5 7.dxc5 a5 8.a4 Nd7
9.Nb3 Nxc5 10.Nxc5 Bxc5 11.O-O h6 12.Re1 Qb6 13.Re2 Ne7 14.Bb5+ Bd7 15.Bxd7+ Kxd7
16.Be3 Rhc8 17.Bxc5 Rxc5 18.Ra3 Ke8 19.Rb3 Qc6 20.Nd4 Qxa4 21.Rxb7 Nc6 22.Nb3 Rc4
23.h3 Ne7 24.Qd2 Nc8 25.Nc1 Qc6 26.Rb3 Ne7 27.Ra3 a4 28.Nd3 Rc8 29.c3 d4
30.Nb4 Qb5 31.Qd3 dxc3 32.bxc3 Rd8 33.Qc2 Nd5 34.Nxd5 Qxd5 35.Kh2 Kf8 36.Rxa4 Rdc8
37.Rxc4 Qxc4 38.Re3 Qf4+ 39.g3 Qc4 40.Qh7 Qf1 41.Rf3 Rxc3 42.Qh8+ Ke7 43.Qa8 Rxf3
44.Qb7+  1/2-1/2

[Event "36th Olympiad w"]
[Site "Calvia ESP"]
[Date "2004.10.28"]
[Round "13"]
[White "Lujan,C"]
[Black "Mira,H"]
[Result "1/2-1/2"]
[WhiteElo "2325"]
[BlackElo "2158"]

1.e4 e6 2.d4 d5 3.Nd2 Be7 4.e5 c5 5.Qg4 Kf8 6.dxc5 Nc6 7.Ndf3 Bxc5 8.Bd3 Nge7
9.Ne2 Ng6 10.Bxg6 hxg6 11.O-O Qc7 12.Qf4 f6 13.Qg3 Nxe5 14.Nxe5 Qxe5 15.Nf4 Kg8
16.Qxg6 Bd7 17.Bd2 Rh6 18.Qd3 Kf7 19.Rae1 Qd6 20.b4 Bxb4 21.Rb1 Bxd2 22.Qxd2 g5
23.Nh3 Bc6 24.f4 gxf4 25.Rxf4 Rah8 26.Ng5+ Ke7 27.Nh3 Qc5+ 28.Rf2 e5 29.Rb3 d4
30.Rg3 R8h7 31.Qe2 Bd7 32.Qf3 Qc6 33.Qa3+ Qd6 34.Qb3 Bxh3 35.Rxh3 Rxh3 36.Qxb7+ Qd7
37.Qb4+ Kf7 38.gxh3 Rg7+ 39.Rg2 Rxg2+ 40.Kxg2 Qc6+ 41.Kg1 Qxc2 42.Qb7+ Kg6
43.h4 Qc1+ 44.Kg2 Qd2+ 45.Kh3 Qe3+ 46.Kg2 Qe2+ 47.Kg1 d3 48.h5+ Qxh5 49.Qd7 Qd1+
50.Kg2 Qe2+ 51.Kg3 Qe3+ 52.Kg2 Qd2+ 53.Kg3 Qf4+ 54.Kg2 e4 55.Qe8+ Kg5 56.Qg8+ Kf5
57.Qc8+ Kg5 58.Qg8+ Kh5 59.Qf7+ Kg4 60.h3+ Kf5 61.Qd7+ Kg6 62.Qe8+ Kg5 63.Qg8+ Kh5
64.Qf7+  1/2-1/2

[Event "36th Olympiad w"]
[Site "Calvia ESP"]
[Date "2004.10.29"]
[Round "14"]
[White "Khasanova,F"]
[Black "Dengler,D"]
[Result "1-0"]
[WhiteElo "2314"]
[BlackElo "2123"]

1.e4 e6 2.d4 d5 3.Nd2 a6 4.Ngf3 c5 5.exd5 Qxd5 6.Bc4 Qd8 7.dxc5 Bxc5 8.Qe2 Nf6
9.Nb3 Be7 10.Nbd4 O-O 11.O-O b5 12.Bb3 Qc7 13.Re1 Re8 14.Ne5 Bc5 15.Ndf3 h6
16.c4 Qb6 17.Nd3 bxc4 18.Bxc4 Bd6 19.Be3 Qa5 20.Bd2 Qb6 21.Bc3 Nbd7 22.Bd4 Qa5
23.Nfe5 Bb7 24.a3 Nxe5 25.Nxe5 Bd5 26.b4 Bxc4 27.Nxc4 Qd8 28.Bxf6 gxf6 29.Rad1 Bxh2+
30.Kxh2 Qc7+ 31.Nd6 Red8 32.Qg4+ Kh8 33.Qf4 Kg7 34.Rd3 Kf8 35.Red1  1-0

[Event "8th OIBM"]
[Site "Bad Wiessee GER"]
[Date "2004.10.30"]
[Round "2"]
[White "Jaenig,R"]
[Black "Kindermann,S"]
[Result "0-1"]
[WhiteElo "2179"]
[BlackElo "2536"]

1.e4 e6 2.d4 d5 3.Nd2 Be7 4.Ngf3 Nf6 5.e5 Nfd7 6.Bd3 c5 7.c3 Nc6 8.O-O g5
9.h3 h5 10.g4 hxg4 11.hxg4 Qb6 12.dxc5 Qc7 13.Re1 Ndxe5 14.Nxe5 Nxe5 15.Nb3 Rh3
16.Re3 Nf3+ 17.Kg2 Rh2+ 18.Kxf3 Qf4+ 19.Ke2 Qxf2+  0-1

[Event "TCh-BEL 2004-5"]
[Site "Belgium BEL"]
[Date "2004.11.07"]
[Round "3"]
[White "Dardha,A"]
[Black "Marechal,A"]
[Result "1/2-1/2"]
[WhiteElo "2244"]
[BlackElo "2258"]

1.e4 e6 2.d4 d5 3.Nd2 Nc6 4.c3 e5 5.dxe5 dxe4 6.Qe2 Nxe5 7.Nxe4 Qe7 8.Bg5 f6
9.Be3 Bf5 10.Bc5 Nd3+ 11.Qxd3 Qxe4+ 12.Qxe4+ Bxe4 13.Bxf8 Kxf8 14.O-O-O Ne7
15.Ne2 Bd5 16.b3 Bf7 17.Nd4 c6 18.Bd3 g6 19.Rhe1 Re8 20.Kb2 Nd5 21.Rxe8+ Kxe8
22.a4 a5 23.Be4 Ke7 24.g3  1/2-1/2

[Event "TCh-SWE Elitserien 2004-5"]
[Site "Skara SWE"]
[Date "2004.11.07"]
[Round "3"]
[White "Hedman,E"]
[Black "Danerud,M"]
[Result "1-0"]
[WhiteElo "2320"]
[BlackElo "2033"]

1.e4 e6 2.d4 d5 3.Nd2 a6 4.Ngf3 c5 5.dxc5 Bxc5 6.Bd3 Nc6 7.O-O Nb4 8.Be2 dxe4
9.Nxe4 Qxd1 10.Rxd1 Be7 11.a3 Nc6 12.Bf4 Nf6 13.Nd6+ Bxd6 14.Bxd6 Ne4 15.Ne5 Nxe5
16.Bxe5 O-O 17.Rd4 f5 18.Rad1 Ng5 19.Rc4 Nf7 20.Bc3 b5 21.Rc7 Rb8 22.Bf3 Re8
23.Bc6 Rf8 24.f4 h6 25.Bf3 g5 26.Bh5 Bb7 27.Rdd7  1-0

[Event "XLVIII TCh-ESP"]
[Site "Sanxenxo ESP"]
[Date "2004.11.18"]
[Round "1"]
[White "Khamrakulov,I"]
[Black "Jerez Perez,A"]
[Result "1-0"]
[WhiteElo "2500"]
[BlackElo "2434"]

1.e4 e6 2.d4 d5 3.Nd2 Be7 4.Ngf3 c5 5.exd5 exd5 6.dxc5 Bxc5 7.Nb3 Bb6 8.Bb5+ Nc6
9.O-O Ne7 10.Bg5 O-O 11.Qd2 Qd6 12.Rfe1 Bc7 13.Be3 Bg4 14.Bc5 Qg6 15.Nfd4 Rfe8
16.f3 Qh5 17.h3 Bf5 18.Bxe7 Rxe7 19.Bxc6 Rxe1+ 20.Rxe1 bxc6 21.g4 Qxh3 22.gxf5 Bb6
23.Qf4 c5 24.Nc6  1-0

[Event "XLIII WJun"]
[Site "Kochin IND"]
[Date "2004.11.20"]
[Round "2"]
[White "Navin,K"]
[Black "Jaiswal,P"]
[Result "0-1"]
[WhiteElo "2058"]
[BlackElo "2212"]

1.e4 e6 2.d4 d5 3.Nd2 a6 4.Ngf3 c5 5.exd5 Qxd5 6.Bc4 Qd8 7.dxc5 Bxc5 8.O-O b5
9.Bd3 Nf6 10.Ne4 Nxe4 11.Bxe4 Qxd1 12.Rxd1 Ra7 13.Bf4 Nd7 14.Bc6 O-O 15.c3 f6
16.Bd6 Bxd6 17.Rxd6 Nb8 18.Be4 e5 19.a3 Bb7 20.Bxb7 Rxb7 21.Rad1 Kf7 22.Kf1 Ke7
23.Ke2 Rc8 24.R1d2 a5 25.R6d5 Nc6 26.Ne1 Rd8 27.Rxd8 Nxd8 28.Nc2 Ne6 29.g3 Nc5
30.Ne3 Na4 31.h3 g6 32.c4 Ke6 33.cxb5 Rxb5 34.Nc4 f5 35.Rd6+ Ke7 36.Ra6 Nxb2
37.Nxa5 e4 38.Nc6+ Kd7 39.Nb4 Rb7 40.g4 Nc4 41.gxf5 gxf5 42.Rh6 Ke8 43.Nd5 Rb2+
44.Ke1 Nd2 45.Ke2 Nc4+ 46.Ke1 Kd8 47.Rxh7 Ne5 48.Kf1 Nd3 49.Kg1 Rxf2 50.Rf7 Rf3
51.h4 f4 52.Nf6 Ne5 53.Rb7 e3 54.Rb2 Rg3+ 55.Kh2 Nf3+  0-1

[Event "TCh-ISL 2004-5"]
[Site "Reykjavik ISL"]
[Date "2004.11.20"]
[Round "2"]
[White "Jensson,E"]
[Black "Kristjansson,B"]
[Result "1-0"]
[WhiteElo "2211"]
[BlackElo "2302"]

1.e4 e6 2.d4 d5 3.Nd2 Nc6 4.Ngf3 Nf6 5.e5 Nd7 6.c3 a5 7.Bb5 Ncb8 8.O-O b6
9.Re1 Ba6 10.a4 c6 11.Bxa6 Nxa6 12.Nf1 Be7 13.Be3 O-O 14.Ng3 c5 15.h3 Re8
16.Nh5 Rc8 17.Qe2 Ndb8 18.Nh2 cxd4 19.cxd4 Nb4 20.Rac1 Rxc1 21.Rxc1 f5 22.exf6 Bxf6
23.Ng4 Nd7 24.Ngxf6+ Nxf6 25.Bg5 Kh8 26.Qe5 Rf8 27.Bxf6 gxf6 28.Qxe6 Qe8
29.Qxe8 Rxe8 30.Nxf6 Re6 31.Nd7 Nd3 32.Rc2 Re1+ 33.Kh2 Rb1 34.Nxb6 Nxb2 35.Rc7 Nd3
36.Nxd5  1-0

[Event "Petrosian Mem Open"]
[Site "Yerevan ARM"]
[Date "2004.11.20"]
[Round "2"]
[White "Petrosian,DG"]
[Black "Aghabekian,L"]
[Result "1-0"]
[WhiteElo "2395"]
[BlackElo "2156"]

1.e4 e6 2.d4 d5 3.Nd2 Be7 4.Bd3 c5 5.dxc5 Nf6 6.Qe2 Nc6 7.Ngf3 Nb4 8.O-O Nxd3
9.cxd3 Bxc5 10.Nb3 Be7 11.Bg5 O-O 12.Rac1 Bd7 13.e5 Ne8 14.Bxe7 Qxe7 15.Nbd4 f6
16.Rfe1 Rc8 17.Rxc8 Bxc8 18.exf6 Rxf6 19.Ne5 Nd6 20.Rc1 Rf8 21.Qe3 a6 22.f4 Nf7
23.a3 Qd6 24.Nxf7 Kxf7 25.Qe5 Qxe5 26.fxe5 Kg6 27.Rc7 Rf4 28.Nf3 Rf8 29.Kf2 Rd8
30.Ke3 b6 31.Nd4 Bd7 32.Rb7 Be8 33.Nxe6  1-0

[Event "TCh-BEL 2004-5"]
[Site "Belgium BEL"]
[Date "2004.11.21"]
[Round "4"]
[White "Jens,J"]
[Black "Claesen,P"]
[Result "1/2-1/2"]
[WhiteElo "2366"]
[BlackElo "2388"]

1.e4 e6 2.d4 d5 3.Nd2 Be7 4.Bd3 c5 5.dxc5 Nf6 6.Qe2 Nc6 7.Ngf3 a5 8.c3 O-O
9.O-O Nd7 10.exd5 exd5 11.Bc2 Nxc5 12.Nb3 Re8 13.Nxc5 Bxc5 14.Qd3 g6 15.Bg5 Qb6
16.Rab1 Bf5 17.Qd1 Bxc2 18.Qxc2 d4 19.cxd4 Nxd4 20.Nxd4 Bxd4 21.b3 Re6 22.Rbe1 Rae8
23.Rxe6 Qxe6 24.Qd3 Qe4 25.Qd2 b6 26.h3 f6 27.Rd1  1/2-1/2

[Event "10th It"]
[Site "Tuzla BIH"]
[Date "2004.11.21"]
[Round "5"]
[White "Avdic,A"]
[Black "Trumic,E"]
[Result "1-0"]
[WhiteElo "2261"]
[BlackElo "2248"]

1.e4 e6 2.d4 d5 3.Nd2 Be7 4.c3 c5 5.Ngf3 cxd4 6.Nxd4 dxe4 7.Nxe4 e5 8.Nb5 Qxd1+
9.Kxd1 Kd7 10.a4 h6 11.Bc4 a6 12.Na3 f5 13.Ng3 Kc7 14.Re1 Nc6 15.Bd5 Bxa3
16.Rxa3 Nge7 17.Ba2 b6 18.b4 f4 19.Ne4 Bf5 20.b5 Rhd8+ 21.Nd2 Na5 22.Rxe5 Kd6
23.Nf3 g5 24.Re2 Bg4 25.c4 Ng6 26.Rd3+ Kc7 27.Rd5 Rxd5+ 28.cxd5 axb5 29.axb5 Rd8
30.Ke1 Kd7 31.Bb1 Bxf3 32.Bf5+ Kc7 33.gxf3 Nh4 34.Be4 Kd7 35.Bb2 Rg8 36.Bd4 Nc4
37.Ra2 g4 38.fxg4 Re8 39.Re2 f3 40.Bf5+ Nxf5 41.Rxe8 Kxe8 42.gxf5 Kf7 43.h3 h5
44.Kd1 Nd6 45.Bxb6 Nxb5 46.Kd2 Nd6 47.Bc7 Nxf5 48.Kd3 Ke7 49.Ke4 Nh6 50.Bf4 Nf7
51.Kxf3 Kf6 52.Ke4 h4 53.f3 Kg6 54.Bc1 Kf6 55.Bb2+ Kg6 56.Kf4 Nd6 57.Ba3 Nc4
58.Be7 Nb6 59.Ke5 Kf7 60.Bxh4 Nc4+ 61.Kf5 Nb6 62.Ke4 Nc4 63.Bg5 Nd6+ 64.Kd4  1-0

[Event "ch-ROM w KO"]
[Site "Brasov ROM"]
[Date "2004.11.22"]
[Round "2.1"]
[White "Ionica,I"]
[Black "Padurariu,I"]
[Result "1-0"]
[WhiteElo "2240"]
[BlackElo "2133"]

1.e4 e6 2.d4 d5 3.Nd2 Nc6 4.Ngf3 Nf6 5.e5 Nd7 6.Bb5 a6 7.Bd3 Nb4 8.Be2 c5
9.c3 Nc6 10.O-O b5 11.a4 b4 12.c4 Nb6 13.cxd5 Nxd5 14.Nc4 Bb7 15.dxc5 Bxc5
16.Ng5 Nb6 17.Ne4 Qxd1 18.Rxd1 Nxc4 19.Nxc5 N4a5 20.Nxb7 Nxb7 21.Bf3 Rc8
22.Be3 O-O 23.Rac1 Nba5 24.Bb6 Rb8 25.Bc7 Rbc8 26.Bd6 Rfd8 27.Be2 Nb3 28.Bxa6 Nxc1
29.Rxc1 f6 30.f4 b3 31.Bxc8 Rxc8 32.Rc3 fxe5 33.fxe5 h5 34.a5 Kf7 35.a6 Ke8
36.Rxb3 Ra8 37.Rb6 Kd7 38.b4 Nd8 39.Rb7+ Kc6 40.b5+ Kd5 41.Rb8  1-0

[Event "Petrosian Mem Open"]
[Site "Yerevan ARM"]
[Date "2004.11.22"]
[Round "4"]
[White "Shanava,K"]
[Black "Minasian,Art"]
[Result "1-0"]
[WhiteElo "2456"]
[BlackElo "2584"]

1.e4 e6 2.d4 d5 3.Nd2 Nc6 4.Ngf3 Nf6 5.e5 Nd7 6.c3 f6 7.Nh4 g6 8.Qg4 fxe5
9.Nxg6 Nf6 10.Qh4 exd4 11.Nxh8 Bg7 12.Bd3 dxc3 13.bxc3 Bxh8 14.Bxh7 Nxh7
15.Qh5+ Kd7 16.Qxh7+ Ne7 17.Ba3 Be5 18.O-O Qf8 19.f4 Qg7 20.Qxg7 Bxg7 21.Nf3 b6
22.Ne5+ Ke8 23.Bxe7 Kxe7 24.Rae1 Bd7 25.Rf3 Ba4 26.Rfe3 Bc2 27.Nf3 Bf5 28.Ng5 d4
29.Rxe6+ Bxe6 30.Nxe6 Kf7 31.cxd4 c5 32.Nxg7 Kxg7 33.dxc5 bxc5 34.Re7+ Kf6
35.Rc7 Kf5 36.Rxc5+ Kxf4 37.Ra5 Rc8 38.h3 Rc7 39.Kh2 Rd7 40.Ra4+ Kg5 41.h4+ Kh5
42.Kh3 Rc7 43.g4+ Kh6 44.Ra6+ Kg7 45.h5 Kh7 46.Kh4 Rd7 47.h6  1-0

[Event "XLIII WJun"]
[Site "Kochin IND"]
[Date "2004.11.23"]
[Round "7"]
[White "Aswin,J"]
[Black "Cifka,S"]
[Result "0-1"]
[WhiteElo "2160"]
[BlackElo "2310"]

1.e4 e6 2.d4 d5 3.Nd2 Nc6 4.Ngf3 Nf6 5.e5 Nd7 6.Bb5 a6 7.Bxc6 bxc6 8.c4 c5
9.cxd5 exd5 10.O-O Be7 11.dxc5 Nxc5 12.Nd4 O-O 13.Nc6 Qe8 14.Nxe7+ Qxe7 15.Nf3 Bb7
16.Bg5 Qe6 17.Bf4 Qg6 18.Bg3 Ne6 19.b4 d4 20.Qb3 Rfd8 21.Rad1 Bd5 22.Qa3 Bb7
23.Nh4 Qc2 24.Rc1 Qe2 25.Rcd1 Rd7 26.Rfe1 Qc4 27.Rc1 Qb5 28.Nf3 Qd5 29.Red1 d3
30.Qb3 Qe4 31.Rc4 Nd4 32.Rxd4 Rxd4 33.Qc3 Rc4 34.Qa1 Rd8 35.a3 d2 36.e6 fxe6
37.Be5 Qe2 38.Bb2 Bxf3 39.gxf3 Qxf3 40.Be5 Qxd1+ 41.Qxd1 Rc1 42.Kg2 Rxd1  0-1

[Event "XLIII WJun"]
[Site "Kochin IND"]
[Date "2004.11.25"]
[Round "9"]
[White "Aswin,J"]
[Black "Cereijo,N"]
[Result "1-0"]
[WhiteElo "2160"]
[BlackElo "2120"]

1.e4 e6 2.d4 d5 3.Nd2 Be7 4.Ngf3 Nf6 5.Bd3 c5 6.dxc5 Bxc5 7.Qe2 O-O 8.e5 Nfd7
9.Nb3 Be7 10.c3 Nc6 11.O-O f6 12.exf6 Nxf6 13.Nbd4 Qd6 14.Re1 Ng4 15.h3 Nxf2
16.Qxf2 e5 17.Nxc6 bxc6 18.Rxe5 Rxf3 19.Bxh7+ Kh8 20.Qxf3 Qxe5 21.Bf4 Qf6
22.Bd3 Kg8 23.Rf1 Bf5 24.Bxf5 Qxf5 25.Qe3 Bf6 26.Bd6 Qd7 27.Bc5 Rb8 28.Rxf6 Re8
29.Qg3  1-0